| 000 | 00914nas a2200301 4500 | ||
|---|---|---|---|
| 001 | BR0000768 | ||
| 003 | BR-BrBNA | ||
| 005 | 20231205101737.0 | ||
| 007 | ta | ||
| 008 | 230509b bl.|||p| |||| 00| 00por d | ||
| 040 |
_aBR-BrBNA _bpor _cBiblioteca Nacional de Agricultura |
||
| 041 | _a(En) | ||
| 072 | _aL73 | ||
| 100 | 1 | _aBitencourt, F.J.L. | |
| 100 | 1 | _aBarreto Filho, J.B. | |
| 100 | 1 | _aEiras, P.R.S. | |
| 100 | 1 | _aPrates, M.A. | |
| 100 | 1 | _aGolgher, R.R. | |
| 100 | 1 | _aMarques Junior, A.P. | |
| 245 | 1 | _aAlpha interferon is present in the allantoid fluid of the cow placenta in the beginning of gestation | |
| 650 | _aBovino | ||
| 650 | _aPlacenta | ||
| 650 | _aParto | ||
| 650 | _aPrenhez | ||
| 773 | 0 |
_tRevista Brasileira de Reproducao Animal (Brazil) _xISSN 0102-0803 _g(Jul-Sep 1999), v. 23(3) p. 172-173 _wBR0000768 |
|
| 909 |
_a202311 _bLúcia _c55 _dLúcia Elande |
||
| 942 |
_2AGRIS _n0 _cANA |
||
| 999 |
_c163615 _d163615 |
||